| 000 | 02239cam a22005414i 4500 | ||
|---|---|---|---|
| 003 | PE-LiUPU | ||
| 005 | 20250731184610.0 | ||
| 008 | 150616s r 000 0 d | ||
| 020 | _a0521388503 | ||
| 035 | _a(Sirsi) i9780521388504 | ||
| 040 |
_aPE-LiUPU _bspa _cPE-LiUPU _erda |
||
| 049 | _aPRUA | ||
| 082 | 0 | 4 |
_a935.01 _bC84 _221 |
| 100 | 1 |
_aCrawford, Harriet, _eautor. |
|
| 245 | 1 | 0 |
_aSumer and the Sumerians / _cHarriet Crawford. |
| 264 | 1 |
_aCambridge : _bCambridge University Press, _c1994. |
|
| 300 |
_a182 páginas : _bil ; _c24 centímetros |
||
| 336 |
_atext _2rdacontent |
||
| 337 |
_aunmediated _2rdamedia |
||
| 338 |
_avolume _2rdacarrier |
||
| 505 | 0 | _aThe rediscovery of the ancient near east: the phisical environment.- History, chronology and social organization.- Patterns of settlement and agriculture.- Town planning and temple architecture.- Public buildings and private housing.- Life, death and the meaning of the universe.- Manufacturing industry and trade.- Writing and the arts.- Conclusions. | |
| 526 | _aP136 | ||
| 526 | _aP135 | ||
| 526 | _aP134 | ||
| 526 | _aP133 | ||
| 526 | _aP144 | ||
| 526 | _aP143 | ||
| 526 | _aP87 | ||
| 526 | _aP35 | ||
| 526 | _aP20 | ||
| 526 | _aP14 | ||
| 526 | _aP10 | ||
| 526 | _aP06 | ||
| 650 | 0 | 4 |
_aCivilización _xHistoria de BC 539. |
| 650 | 0 | 4 |
_aSumerios. _93211 |
| 651 |
_aIrak _xAntigüedades |
||
| 651 | _aMesopotamia. | ||
| 910 |
_ajck _bjvq _cjck |
||
| 942 |
_2ddc _cBOOK |
||
| 949 |
_a935.01 C84 _wDEWEY _c1 _i43229 _lCCODEBUL1 _mBUL _r0 _sY _tBOOK _u2015-6-16 _xTEOLOGIA _zUNKNOWN _0COMPRA _o.STAFF. Colección General |
||
| 949 |
_a935.01 C84 _wDEWEY _c2 _i46349 _lCCODEBUL1 _mBUL _r0 _sY _tBOOK _u2015-6-16 _xTEOLOGIA _zUNKNOWN _0COMPRA _o.STAFF. Colección General |
||
| 994 |
_aC0 _bPEPRU |
||
| 596 | _a1 | ||
| 999 |
_a935.01 C84 _wDEWEY _c61193 _i43229 _f2021-11-11 _g5 _lCCODEBUL1 _mBUL _r0 _sY _tBOOK _u2015-6-16 _xTEOLOGIA _zUNKNOWN _0COMPRA _o.STAFF. Colección General _d61193 |
||
| 999 |
_a935.01 C84 _wDEWEY _c2 _i46349 _f2021-11-11 _g5 _lCCODEBUL1 _mBUL _r0 _sY _tBOOK _u2015-6-16 _xTEOLOGIA _zUNKNOWN _0COMPRA _o.STAFF. Colección General |
||
| 980 |
_81 _gALBERTO SANCHEZ Responsable de Automatización |
||